<?xml version="1.0" encoding="UTF-8"?>
<marc:record xmlns:marc="http://www.loc.gov/MARC21/slim">
   <marc:leader>00000nam a2200000 a 4500</marc:leader>
   <marc:datafield ind1="1" ind2=" " tag="100">
      <marc:subfield code="a">Crombie, Deborah</marc:subfield>
      <marc:subfield code="4">aut</marc:subfield>
      <marc:subfield code="e">Verfasser/-in</marc:subfield>
   </marc:datafield>
   <marc:datafield ind1="0" ind2="0" tag="245">
      <marc:subfield code="a">Beklage deine Sünden</marc:subfield>
   </marc:datafield>
   <marc:datafield ind1="0" ind2="0" tag="245">
      <marc:subfield code="b">Roman</marc:subfield>
   </marc:datafield>
   <marc:datafield ind1=" " ind2="1" tag="264">
      <marc:subfield code="b">Goldmann </marc:subfield>
      <marc:subfield code="c">2017</marc:subfield>
   </marc:datafield>
   <marc:datafield ind1="1" ind2=" " tag="520">
      <marc:subfield code="a">Notting Hill im Mai: In Cornwall Gardens, einem von exklusiven Stadthäusern gesäumten Park in bester Lage, wird die Leiche einer 24-jährigen Frau entdeckt. Wie sich herausstellt, hat Reagan Keating als Kindermädchen in einer der angrenzenden Villen gearbeitet. Und schon bald erfährt Inspector Gemma James von einem weiteren mysteriösen Todesfall in dem Park:</marc:subfield>
   </marc:datafield>
   <marc:datafield ind1=" " ind2=" " tag="020">
      <marc:subfield code="a">9783442480241</marc:subfield>
      <marc:subfield code="9">9783442480241</marc:subfield>
   </marc:datafield>
</marc:record>
